00329nam a2200097Ia 4500008004100000050002100041245008500062260003800147300001400185650003200199151021s9999 xx 000 0 und d aHC 865.K47 2013  a_Kirinyaga County development Profile Kenya ministry of devolution and planning  aNairobi government printers 2013  axv,127p.  a_County mission and vision